logo

Bir Sreshtho Munshi Abdur Rouf Library
Jhenaidah Cadet College

Understanding basic calculus : (Record no. 4927)

MARC details
000 -LEADER
fixed length control field 00944cam a2200313 i 4500
001 - CONTROL NUMBER
JCCL Control Number 4927
003 - CONTROL NUMBER IDENTIFIER
JCCL marc code BD-JhCC
005 - DATE AND TIME OF LATEST TRANSACTION
control field 20171205172554.0
008 - FIXED-LENGTH DATA ELEMENTS--GENERAL INFORMATION
fixed length control field 781208s1978 ohua b 001 0 eng
020 ## - INTERNATIONAL STANDARD BOOK NUMBER
International Standard Book Number 067508430X
035 ## - SYSTEM CONTROL NUMBER
system control number (BD-JhCC)
040 ## - CATALOGING SOURCE
Original cataloging agency DLC
Transcribing agency DLC
Modifying agency DLC
041 ## - LANGUAGE CODE
Language code of Book eng
050 00 - LIBRARY OF CONGRESS CALL NUMBER
Classification number QA303
Item number .B68
082 00 - DEWEY DECIMAL CLASSIFICATION NUMBER
Classification number 515
Author mark and Year BOI 1978
100 1# - MAIN ENTRY--PERSONAL NAME
Personal name Boisen, Monte B.
245 10 - TITLE STATEMENT
Title Understanding basic calculus :
Remainder of title with applications from the managerial, social, and life sciences /
Statement of responsibility, etc Monte B. Boisen, Jr. and Max D. Larsen.
260 ## - PUBLICATION, DISTRIBUTION, ETC. (IMPRINT)
Place of publication, distribution, etc Columbus, Ohio :
Name of publisher, distributor, etc Merrill,
Date of publication, distribution, etc c1978.
300 ## - PHYSICAL DESCRIPTION
Pagination ix, 438 p. :
Other physical details ill. ;
Dimensions 27 cm.
500 ## - GENERAL NOTE
General note Includes index.
504 ## - BIBLIOGRAPHY, ETC. NOTE
Bibliography, etc Bibliography: p. 382-386.
650 #0 - SUBJECT ADDED ENTRY--TOPICAL TERM
Topical term or geographic name as entry element Calculus.
650 #0 - SUBJECT ADDED ENTRY--TOPICAL TERM
Topical term or geographic name as entry element Management
General subdivision Mathematics.
650 #0 - SUBJECT ADDED ENTRY--TOPICAL TERM
Topical term or geographic name as entry element Social sciences
General subdivision Mathematics.
650 #0 - SUBJECT ADDED ENTRY--TOPICAL TERM
Topical term or geographic name as entry element Life sciences
General subdivision Mathematics.
700 1# - ADDED ENTRY--PERSONAL NAME
Personal name Larsen, Max D.,
942 ## - ADDED ENTRY ELEMENTS (KOHA)
Source of classification or shelving scheme Dewey Decimal Classification
Koha item type Books
Holdings
Source of classification or shelving scheme Damaged status Not for loan Home library Current library Shelving location Total Checkouts Full call number Barcode Date last seen Copy number Koha item type
Dewey Decimal Classification     JCC Rouf Library JCC Rouf Library General Stacks   515 BOI 1978 6882 12/05/2017 C-1 Books

JCC Library | Contacts | JCC Home

Last Update on 23 September 2017
Copyright @ 2017-2020 JCC Rouf Library
Rouf Library, Jhenidah Cadet College (JCC), Bangladesh